000 006230000a22001930004500
999 _c60074
_d60074
001 768714001
003 CO-MdFUSB
005 20170725114007.0
008 170725s1994 ag ||||| |||| 00| 0 spa d
022 _a0122-2996
040 _aCO-MdFUSB
_bspa
_cCO-MdFUSB
_dCO-MdFUSB
041 _aspa
100 1 _aCamargo López, Jesús
_eautor
245 1 0 _aLa familia en el contexto latinoamericano
300 _aVolumen 26. Número 55 (1994), Páginas 157-170
_c22 cm.
546 _aTexto en español
773 0 _tBoletín Teológico
_049507
_961455
_gVolumen 26. Número 55 (1994), Páginas 157-170
_qPágina 157
942 _cANA